Name Netflix TV Shows by pictures #2 - Statistics

General Stats
  • This quiz has been taken 234 times
  • The average score is 9 of 12
Answer Stats
Picture Answer % Correct
Friends
92%
Cobra Kai
82%
Lucifer
81%
The Vampire Diaries
79%
Emily in Paris
77%
Modern Family
76%
Prison Break
76%
H2O
71%
13 Reasons Why
69%
Money Heist
65%
Suits
55%
Alice in Borderland
44%
No matching quizzes found
Score Distribution
Percent of People with Each Score
Percentile by Number Answered
Your Score History
You have not taken this quiz